000 00665nam a22002417a 4500
001 33044
003 UA-OsUOA
005 20210729154004.0
007 ta
008 20050302b un ||||| |||| 00| 0 ukr d
020 _a9668066057
040 _aUA-OsUOA
_bukr
_cUA-OsUOA
_dUA-OsUOA
041 _aukr
044 _aUA
080 _a821.161.2
090 _a821.161.2
_bН53
245 _aНепочаті рудники: твори І. С. Нечуя-Левицького
_bнавчальний посібник
_pКн. 1
260 _aК.
_bГрамота
_c2003
300 _a560 с.
650 7 _2UDC
_a82 Література
942 _cBK
_2udc
955 _a2
999 _c319501
_d319501